000
00235nam a22000857a 4500
008
161022b xxu||||| |||| 00| 0 eng d
100
_9
924
_a
Maanu Graphics
245
_a
Chilling Ghost Stories
260
_a
New Delhi
_b
Maaugra Publications
_c
2012
999
_c
3579
_d
3579